000 nam a22 7a 4500
999 _c17055
_d17055
008 161121b xxu||||| |||| 00| 0 eng d
020 _a0968515711
050 _aLB 1139.23 .K35 1999
100 _aKaiser,Barbara.
245 _aMeeting the challenge:
_beffective strategies for challenging behaviours in early childhood environments.
260 _aCanada:
_bCanadian child care federation,
_c1999.
300 _a39p.
650 _aproblem cchildren-behaviour modification.
650 _aEarly childhood education.
650 _aProblem children -education.
942 _2lcc
_cBOOKS
_hLB 1139.23 .K35 1999